• 首页
  • 本馆介绍
  • 公告通知
  • 最新文献
  • 馆藏检索
  • 电子资源
  • 读者荐购
  • 参考咨询
  • CALIS
  • 我的图书馆
  • 登录
  • 详细信息显示
  • 放入我的书架
  • 预约/预借图书
  • 作者相关作品
  • 分类相关作品
  • 丛书相关作品
  • 出版社相关作品

书目信息

  • 表格格式
  • 工作单格式
  • 卡片格式
题名:
从格林童话到哈利·波特
    
 
作者: 杰克·齐普斯 著 ;张举文 编译
分册:  
出版信息: 上海   中西书局  2022.08
页数: 361页
开本: 20cm
丛书名:
单 册:
中图分类: I106.8
科图分类:
主题词: 文学--世界
电子资源:
ISBN: 978-7-5475-1966-0
 
 
 
 
 
000 01194nam0 2200241 450
001 2656463747
005 20260615154328.76
010    @a978-7-5475-1966-0@dCNY80.00
100    @a20260615d2022 km y0chiy0120 ea
101 0  @achi
102    @aCN@b310000
200 1  @a从格林童话到哈利·波特@ACong Ge Lin Tong Hua Dao Ha Li·Bo Te@e童话故事与儿童文学研究新论@f(美) 杰克·齐普斯著;(美) 张举文编译@F(Mei)Jie Ke·Qi Pu Si Zhu;(Mei)Zhang Ju Wen Bian Yi
210    @a上海@c中西书局@d2022.08
215    @a361页@d20cm
330    @a本书收录文章12篇, 对格林童话、安徒生童话进行了再解读, 其中对于小红帽版本的梳理, 让人印象深刻。 同时作者对于民间故事与童话在语义上的力量转换进行了探讨 ; 对于迪士尼、超级英雄等现代的儿童文学、文化产业, 作者也作了观照, 探讨其在当今文化产业中的地位与意义。
510 1  @a= From the Grimm Tales to Harry Potter : a new approach to fairy tale and children's literature
517 1  @a童话故事与儿童文学研究新论@ATong Hua Gu Shi Yu Er Tong Wen Xue Yan Jiu Xin Lun
606 0  @a文学@x世界
690    @aI106.8@v4
701  0 @a杰克·齐普斯@AJie Ke·Qi Pu Si@4著
702  0 @a张举文@AZhang Ju Wen@4编译
801  0 @aCN@b河南城建学院图书馆@c20260615
905    @dI106.8@eJ702
    
    从格林童话到哈利·波特:童话故事与儿童文学研究新论/(美) 杰克·齐普斯著;(美) 张举文编译.-上海:中西书局,2022.08
    361页;20cm
    
    
    ISBN 978-7-5475-1966-0:CNY80.00
    本书收录文章12篇, 对格林童话、安徒生童话进行了再解读, 其中对于小红帽版本的梳理, 让人印象深刻。 同时作者对于民间故事与童话在语义上的力量转换进行了探讨 ; 对于迪士尼、超级英雄等现代的儿童文学、文化产业, 作者也作了观照, 探讨其在当今文化产业中的地位与意义。
●
相关链接 在E读中查询图书 在当当中查询图书 在豆瓣中查询图书


正题名:从格林童话到哈利·波特     索取号:I106.8/J702         预约/预借

序号 登录号 条形码 馆藏地/架位号 状态 备注
1 1556981   215569819   外国语学院资料室/ [索取号:I106.8/J702] 在馆    
河南城建学院图书馆 欢迎您!
大连网信软件有限公司© 版权所有